Del empirismo lógico a la semántica

Պահպանված է:
Մատենագիտական մանրամասներ
Հիմնական հեղինակ: Garaudy, Roger (Հեղինակ)
Ձևաչափ: Գիրք
Լեզու:իսպաներեն
Հրապարակվել է: Ciudad de México UNAM 1957
Խորագրեր:
Ցուցիչներ: Ավելացրեք ցուցիչ
Չկան պիտակներ, Եղեք առաջինը, ով նշում է այս գրառումը!

MARC

LEADER 00000nam a2200000 a 4500
001 UCY5050
003 CL-VaPUC
008 950411e19570000MX |||||||||||||||||spa|d
082 0 4 |a 121  |b GAR  |2 21 
100 |a Garaudy, Roger  |e author  |9 573992 
245 1 0 |a Del empirismo lógico a la semántica 
300 |a 16 p 
942 |c BK 
945 |d 19950411 00:00:00  |a rbrito 
260 |a Ciudad de México  |b UNAM  |c 1957 
650 0 |a Empirismo  |9 255037 
650 0 |a Semántica  |9 265318 
650 0 |a Teoría del conocimiento   |9 255038 
583 |a last modification  |c 19950411 00:00:00  |k Rodrigo Vera 
999 |c 232779  |d 232777